Municipalities of Lafayette County, Wisconsin - Statistics

General Stats
  • This quiz has been taken 66 times
  • The average score is 15 of 30
Answers on the Map
Answers color-coded by a green-red scale on the quiz's map according to % correct below.
 
Answer Stats
Answer % Correct
City of Cuba City
83%
City of Darlington
83%
Town of Darlington
83%
Village of Hazel Green
83%
City of Shullsburg
67%
Town of Argyle
67%
Town of Blanchard
67%
Town of Shullsburg
67%
Village of Argyle
67%
Village of Blanchardville
67%
Census Designated Place of Wiota
50%
Town of Belmont
50%
Town of Elk Grove
50%
Town of Fayette
50%
Town of Gratiot
50%
Town of Monticello
50%
Town of Seymour
50%
Town of Wiota
50%
Village of Belmont
50%
Village of Gratiot
50%
Town of Benton
33%
Town of Kendall
33%
Town of Lamont
33%
Town of New Diggings
33%
Town of Wayne
33%
Town of White Oak Springs
33%
Town of Willow Springs
33%
Village of Benton
33%
Village of South Wayne
33%
Census Designated Place of Woodford
0%
No matching quizzes found
Score Distribution
Percent of People with Each Score
Percentile by Number Answered
Your Score History
You have not taken this quiz